[Event "MP do lat 18 - dziewczeta"]
[Site "Sypniewo"]
[Date "2022.03.26"]
[Round "8.2"]
[White "Goraj, Barbara"]
[Black "Marcinczyk, Monika"]
[Result "1-0"]
[BlackElo "1865"]
[WhiteElo "2078"]
[LiveChessVersion "1.4.8"]

1. c4 {[%clk 1:30:56]} e6 {[%clk 1:30:56]} 2. Nf3 {[%clk 1:28:10]} Nf6
{[%clk 1:27:23]} 3. g3 {[%clk 1:28:33]} d5 {[%clk 1:25:57]} 4. Bg2
{[%clk 1:28:54]} Bd6 {[%clk 1:19:12]} 5. Nc3 {[%clk 1:23:16]} c6 {[%clk 1:16:48]}
6. d3 {[%clk 1:21:51]} Nbd7 {[%clk 1:14:53]} 7. O-O {[%clk 1:21:07]} O-O
{[%clk 1:14:57]} 8. e4 {[%clk 1:17:22]} dxc4 {[%clk 1:09:42]} 9. dxc4
{[%clk 1:16:30]} Qe7 {[%clk 1:08:42]} 10. Qe2 {[%clk 1:12:46]} e5
{[%clk 1:07:50]} 11. Nh4 {[%clk 0:59:18]} Nb6 {[%clk 1:02:35]} 12. Nf5
{[%clk 0:56:20]} Bxf5 {[%clk 1:02:11]} 13. exf5 {[%clk 0:56:42]} Bb4
{[%clk 0:52:18]} 14. Nb1 {[%clk 0:50:15]} Nfd7 {[%clk 0:38:04]} 15. h4
{[%clk 0:44:25]} Rfe8 {[%clk 0:34:19]} 16. a3 {[%clk 0:39:03]} Bc5
{[%clk 0:33:46]} 17. Nd2 {[%clk 0:38:32]} a5 {[%clk 0:29:07]} 18. Ne4
{[%clk 0:31:17]} Nf6 {[%clk 0:25:31]} 19. Nxc5 {[%clk 0:24:39]} Qxc5
{[%clk 0:25:55]} 20. b3 {[%clk 0:25:03]} Qe7 {[%clk 0:22:32]} 21. Be3
{[%clk 0:25:04]} Nfd7 {[%clk 0:20:50]} 22. Rfd1 {[%clk 0:21:40]} e4
{[%clk 0:10:48]} 23. Qg4 {[%clk 0:15:19]} f6 {[%clk 0:09:07]} 24. h5
{[%clk 0:13:35]} a4 {[%clk 0:07:51]} 25. Rab1 {[%clk 0:02:50]} axb3
{[%clk 0:08:10]} 26. Rxb3 {[%clk 0:03:14]} Ne5 {[%clk 0:08:13]} 27. Qxe4
{[%clk 0:03:00]} Nbxc4 {[%clk 0:05:48]} 28. f4 {[%clk 0:01:34]} Nd6
{[%clk 0:02:20]} 29. Qb4 {[%clk 0:01:56]} Ng4 {[%clk 0:01:23]} 30. Bc5
{[%clk 0:00:54]} Qe2 {[%clk 0:00:51]} 31. Rxd6 {[%clk 0:01:06]} Rad8
{[%clk 0:00:39]} 32. Rb2 {[%clk 0:00:42]} Qa6 {[%clk 0:00:33]} 33. Bf1
{[%clk 0:00:37]} b5 {[%clk 0:00:41]} 34. Rxd8 {[%clk 0:00:43]} Rxd8
{[%clk 0:01:10]} 35. Rd2 {[%clk 0:00:54]} Re8 {[%clk 0:01:31]} 36. Qb3+
{[%clk 0:00:53]} Kh8 {[%clk 0:01:53]} 37. Qf7 {[%clk 0:00:54]} Qc8
{[%clk 0:02:10]} 38. Be7 {[%clk 0:00:35]} Nh6 {[%clk 0:02:21]} 39. Qxe8+
{[%clk 0:00:43]} Qxe8 {[%clk 0:02:41]} 40. Rd8 {[%clk 0:31:09]} Qxd8
{[%clk 0:32:46]} 41. Bxd8 {[%clk 0:29:33]} Nxf5 {[%clk 0:31:12]} 42. Kf2
{[%clk 0:28:31]} Kg8 {[%clk 0:29:01]} 43. Bb6 {[%clk 0:21:09]} Nd6
{[%clk 0:23:48]} 44. Bg2 {[%clk 0:19:37]} Nc4 {[%clk 0:24:10]} 45. Bc5
{[%clk 0:19:13]} Nb2 {[%clk 0:24:32]} 46. Ke3 {[%clk 0:18:29]} Na4
{[%clk 0:24:49]} 47. Kd4 {[%clk 0:18:47]} 1-0

[Event "MP do lat 18 - dziewczeta"]
[Site "Sypniewo"]
[Date "2022.03.26"]
[Round "8.3"]
[White "Dylag, Emilia"]
[Black "Nowak, Roksana"]
[Result "0-1"]
[BlackElo "1669"]
[WhiteElo "2003"]
[LiveChessVersion "1.4.8"]

1. d4 {[%clk 1:30:58]} Nf6 {[%clk 1:30:51]} 2. c4 {[%clk 1:31:22]} e6
{[%clk 1:31:14]} 3. g3 {[%clk 1:31:46]} d5 {[%clk 1:31:36]} 4. Nf3
{[%clk 1:32:03]} Be7 {[%clk 1:31:54]} 5. Bg2 {[%clk 1:32:27]} O-O
{[%clk 1:32:00]} 6. Qc2 {[%clk 1:32:48]} a6 {[%clk 1:30:57]} 7. cxd5
{[%clk 1:27:37]} exd5 {[%clk 1:31:19]} 8. O-O {[%clk 1:27:32]} c6
{[%clk 1:30:17]} 9. Nc3 {[%clk 1:24:24]} Re8 {[%clk 1:28:05]} 10. Re1
{[%clk 1:19:43]} Ne4 {[%clk 1:18:05]} 11. Bf4 {[%clk 1:16:01]} Bd6
{[%clk 1:13:36]} 12. Bxd6 {[%clk 1:14:55]} Qxd6 {[%clk 1:13:13]} 13. Nxe4
{[%clk 1:07:26]} dxe4 {[%clk 1:13:37]} 14. Nd2 {[%clk 1:04:13]} f5
{[%clk 1:04:46]} 15. e3 {[%clk 1:03:23]} Be6 {[%clk 1:04:02]} 16. Rac1
{[%clk 0:57:21]} Nd7 {[%clk 1:02:54]} 17. Bf1 {[%clk 0:50:09]} Nb6
{[%clk 0:58:58]} 18. a3 {[%clk 0:45:09]} Rac8 {[%clk 0:53:59]} 19. Nb3
{[%clk 0:38:08]} Bd5 {[%clk 0:51:56]} 20. Na5 {[%clk 0:35:08]} Qe7
{[%clk 0:44:23]} 21. Qc5 {[%clk 0:31:04]} Qc7 {[%clk 0:39:15]} 22. Qb4
{[%clk 0:22:25]} Rb8 {[%clk 0:30:26]} 23. Nb3 {[%clk 0:13:28]} Nd7
{[%clk 0:28:44]} 24. Nd2 {[%clk 0:12:42]} a5 {[%clk 0:25:28]} 25. Qc3
{[%clk 0:12:48]} b5 {[%clk 0:25:27]} 26. Bg2 {[%clk 0:11:04]} Ra8
{[%clk 0:24:28]} 27. f3 {[%clk 0:09:23]} Qd6 {[%clk 0:19:21]} 28. Qc2
{[%clk 0:07:29]} Nf6 {[%clk 0:18:35]} 29. fxe4 {[%clk 0:06:54]} fxe4
{[%clk 0:17:50]} 30. Bh3 {[%clk 0:06:17]} a4 {[%clk 0:16:32]} 31. Qc5
{[%clk 0:06:06]} Qxc5 {[%clk 0:16:26]} 32. Rxc5 {[%clk 0:06:21]} Ra7
{[%clk 0:15:13]} 33. Nb1 {[%clk 0:04:49]} Nd7 {[%clk 0:12:02]} 34. Bxd7
{[%clk 0:04:50]} Rxd7 {[%clk 0:12:30]} 35. Nc3 {[%clk 0:04:12]} Rb8
{[%clk 0:10:45]} 36. Rf1 {[%clk 0:03:28]} g6 {[%clk 0:07:05]} 37. Rf4
{[%clk 0:02:37]} Re8 {[%clk 0:04:42]} 38. Nxd5 {[%clk 0:02:45]} cxd5
{[%clk 0:05:06]} 39. Rxb5 {[%clk 0:03:06]} Rc8 {[%clk 0:05:04]} 40. Rf2
{[%clk 0:31:10]} Rc1+ {[%clk 0:30:58]} 41. Kg2 {[%clk 0:29:59]} Re1
{[%clk 0:30:32]} 42. Ra5 {[%clk 0:25:24]} Rxe3 {[%clk 0:27:15]} 43. Rxa4
{[%clk 0:25:48]} Rd3 {[%clk 0:26:30]} 44. Re2 {[%clk 0:18:01]} Rf7
{[%clk 0:25:35]} 45. Rb4 {[%clk 0:15:19]} Kg7 {[%clk 0:24:31]} 46. Rb6
{[%clk 0:08:29]} Rxd4 {[%clk 0:23:15]} 47. Rd6 {[%clk 0:08:36]} Rd3
{[%clk 0:22:39]} 48. Rc6 {[%clk 0:07:24]} h5 {[%clk 0:16:51]} 49. Rc3
{[%clk 0:06:08]} Rxc3 {[%clk 0:16:46]} 50. bxc3 {[%clk 0:06:34]} Rc7
{[%clk 0:17:04]} 51. Rc2 d4 {[%clk 0:16:50]} 52. c4 {[%clk 0:03:56]} d3
{[%clk 0:16:55]} 53. Rc1 {[%clk 0:04:09]} Kf6 {[%clk 0:14:12]} 54. Kf2
{[%clk 0:04:12]} Ke5 {[%clk 0:14:29]} 55. Ke3 {[%clk 0:04:37]} Rf7
{[%clk 0:14:50]} 56. c5 {[%clk 0:04:14]} Rf3+ {[%clk 0:15:10]} 57. Kd2
{[%clk 0:04:40]} Kd4 {[%clk 0:15:06]} 58. Re1 {[%clk 0:04:56]} e3+
{[%clk 0:14:49]} 59. Kd1 {[%clk 0:05:21]} e2+ {[%clk 0:14:31]} 60. Kd2
{[%clk 0:05:38]} Rf1 {[%clk 0:14:49]} 0-1

[Event "MP do lat 18 - dziewczeta"]
[Site "Sypniewo"]
[Date "2022.03.26"]
[Round "8.4"]
[White "Kroliczek, Gabriela"]
[Black "Czarnecka, Lidia"]
[Result "1-0"]
[BlackElo "1978"]
[WhiteElo "1823"]
[LiveChessVersion "1.4.8"]

1. e4 {[%clk 1:30:57]} c5 {[%clk 1:30:43]} 2. c3 {[%clk 1:31:22]} Nf6
{[%clk 1:24:06]} 3. e5 {[%clk 1:31:40]} Nd5 {[%clk 1:24:25]} 4. Nf3
{[%clk 1:32:07]} e6 {[%clk 1:23:38]} 5. d4 {[%clk 1:32:23]} cxd4 {[%clk 1:23:11]}
6. cxd4 {[%clk 1:32:46]} b6 {[%clk 1:20:55]} 7. Bd3 {[%clk 1:10:28]} Bb7
{[%clk 1:20:41]} 8. O-O {[%clk 1:10:35]} Be7 {[%clk 1:18:32]} 9. a3
{[%clk 1:08:46]} O-O {[%clk 1:12:38]} 10. Qe2 {[%clk 1:06:40]} f5
{[%clk 1:11:28]} 11. exf6 {[%clk 1:05:09]} Nxf6 {[%clk 1:10:13]} 12. Nc3
{[%clk 0:58:15]} Nc6 {[%clk 0:53:58]} 13. Bg5 {[%clk 0:40:30]} Qe8
{[%clk 0:43:26]} 14. Qc2 {[%clk 0:36:20]} Qh5 {[%clk 0:41:15]} 15. Ne2
{[%clk 0:35:52]} Rac8 {[%clk 0:31:42]} 16. Qb1 {[%clk 0:26:56]} Kh8
{[%clk 0:29:04]} 17. Ng3 {[%clk 0:15:15]} Qe8 {[%clk 0:29:05]} 18. Re1
{[%clk 0:10:55]} Na5 {[%clk 0:26:54]} 19. b4 {[%clk 0:07:59]} Nc4
{[%clk 0:26:59]} 20. Ne5 {[%clk 0:06:47]} Bd5 {[%clk 0:23:04]} 21. Bxf6
{[%clk 0:06:03]} gxf6 {[%clk 0:18:27]} 22. Nxc4 {[%clk 0:04:10]} Bxc4
{[%clk 0:18:36]} 23. Bxh7 {[%clk 0:03:56]} f5 {[%clk 0:14:36]} 24. Bxf5
{[%clk 0:03:23]} exf5 {[%clk 0:13:50]} 25. Nxf5 {[%clk 0:03:51]} Rf7
{[%clk 0:09:20]} 26. Qe4 {[%clk 0:03:51]} Rxf5 {[%clk 0:04:53]} 27. Qxf5
{[%clk 0:04:11]} Qf8 {[%clk 0:05:03]} 28. Qxd7 {[%clk 0:02:36]} Bf6
{[%clk 0:05:11]} 29. Re3 {[%clk 0:02:04]} Bg7 {[%clk 0:04:44]} 30. Rae1
{[%clk 0:00:56]} Bf7 {[%clk 0:04:05]} 31. Rh3+ {[%clk 0:01:03]} Kg8
{[%clk 0:04:23]} 32. Qf5 {[%clk 0:01:13]} Qd8 {[%clk 0:04:14]} 33. Rg3
{[%clk 0:00:43]} Rc7 {[%clk 0:02:49]} 34. Qg4 {[%clk 0:00:41]} Bd5
{[%clk 0:02:01]} 35. h4 {[%clk 0:00:55]} Re7 {[%clk 0:01:57]} 36. Re5
{[%clk 0:01:01]} Qd7 {[%clk 0:01:35]} 37. Rxe7 {[%clk 0:00:40]} Qxe7
{[%clk 0:01:55]} 38. h5 {[%clk 0:00:37]} Kh8 {[%clk 0:00:35]} 39. Qc8+
{[%clk 0:00:36]} Qf8 {[%clk 0:00:59]} 40. Qg4 {[%clk 0:30:32]} b5
{[%clk 0:30:40]} 41. Re3 {[%clk 0:27:57]} Qf6 {[%clk 0:25:48]} 42. Qc8+
{[%clk 0:25:30]} Kh7 {[%clk 0:25:52]} 43. Qc2+ {[%clk 0:12:04]} Kh6
{[%clk 0:24:50]} 44. Re5 {[%clk 0:11:38]} Bc4 {[%clk 0:24:08]} 45. g4
{[%clk 0:09:47]} Qd6 {[%clk 0:18:41]} 46. g5+ {[%clk 0:06:22]} Kxh5
{[%clk 0:19:06]} 47. Qh7+ {[%clk 0:06:47]} Kg4 {[%clk 0:19:32]} 48. f3+
{[%clk 0:04:35]} Kxf3 {[%clk 0:18:16]} 49. Qf5+ {[%clk 0:04:50]} 1-0

[Event "MP do lat 18 - dziewczeta"]
[Site "Sypniewo"]
[Date "2022.03.26"]
[Round "8.5"]
[White "Zarebska, Lena"]
[Black "Bugaj, Hanna"]
[Result "1-0"]
[BlackElo "1782"]
[WhiteElo "1809"]
[LiveChessVersion "1.4.8"]

1. e4 {[%clk 1:30:46]} e6 {[%clk 1:30:52]} 2. Nf3 {[%clk 1:31:12]} d5
{[%clk 1:30:17]} 3. e5 {[%clk 1:31:37]} c5 {[%clk 1:30:32]} 4. b4
{[%clk 1:31:00]} cxb4 {[%clk 1:28:30]} 5. a3 {[%clk 1:31:26]} Nc6
{[%clk 1:26:08]} 6. axb4 {[%clk 1:31:41]} Bxb4 {[%clk 1:25:32]} 7. c3
{[%clk 1:31:59]} Bf8 {[%clk 0:58:53]} 8. d4 {[%clk 1:32:15]} Nge7
{[%clk 0:59:05]} 9. Bd3 {[%clk 1:32:25]} Nf5 {[%clk 0:54:47]} 10. O-O
{[%clk 1:25:38]} Be7 {[%clk 0:54:36]} 11. Na3 {[%clk 1:15:13]} O-O
{[%clk 0:52:14]} 12. g4 {[%clk 1:05:18]} Nh4 {[%clk 0:28:15]} 13. Nxh4
{[%clk 1:05:40]} Bxh4 {[%clk 0:28:41]} 14. f4 {[%clk 1:04:12]} Be7
{[%clk 0:23:19]} 15. g5 {[%clk 0:51:52]} g6 {[%clk 0:21:01]} 16. Qg4
{[%clk 0:49:30]} Kg7 {[%clk 0:19:49]} 17. Nb5 {[%clk 0:43:05]} Rh8
{[%clk 0:16:02]} 18. Rf3 {[%clk 0:39:07]} a6 {[%clk 0:11:09]} 19. Qg2
{[%clk 0:33:38]} Na5 {[%clk 0:08:48]} 20. Nd6 {[%clk 0:33:37]} Bxd6
{[%clk 0:08:53]} 21. exd6 {[%clk 0:34:00]} Nb3 {[%clk 0:09:15]} 22. f5
{[%clk 0:14:22]} Nxa1 {[%clk 0:03:54]} 23. fxg6 {[%clk 0:13:49]} hxg6
{[%clk 0:03:27]} 24. Bf4 {[%clk 0:12:44]} Rh5 {[%clk 0:02:56]} 25. Be5+
{[%clk 0:08:56]} Kf8 {[%clk 0:01:03]} 26. Rf6 {[%clk 0:08:49]} Ke8
{[%clk 0:00:56]} 27. Rxg6 {[%clk 0:02:47]} fxg6 {[%clk 0:01:21]} 28. Bxg6+
{[%clk 0:03:14]} Kd7 {[%clk 0:01:43]} 29. Bxh5 {[%clk 0:03:39]} Qb6
{[%clk 0:01:00]} 30. Qf1 {[%clk 0:03:04]} Kc6 {[%clk 0:00:56]} 31. g6
{[%clk 0:02:02]} Qd8 {[%clk 0:00:52]} 32. Qf4 {[%clk 0:01:42]} Bd7
{[%clk 0:00:50]} 33. g7 {[%clk 0:02:07]} Qb6 {[%clk 0:00:45]} 34. Qf1
{[%clk 0:01:23]} Nc2 {[%clk 0:00:59]} 35. Bd1 {[%clk 0:00:59]} Qb1
{[%clk 0:00:37]} 36. Qd3 {[%clk 0:01:18]} Na3 {[%clk 0:00:50]} 37. Qxb1
{[%clk 0:00:57]} Nxb1 {[%clk 0:01:16]} 38. h4 {[%clk 0:00:51]} Nxc3
{[%clk 0:01:17]} 39. h5 {[%clk 0:00:53]} Ne4 {[%clk 0:01:09]} 40. h6
{[%clk 0:30:56]} Ng5 {[%clk 0:30:49]} 41. Bf6 {[%clk 0:28:06]} Nh7
{[%clk 0:26:23]} 42. Be7 {[%clk 0:28:28]} e5 {[%clk 0:13:47]} 43. dxe5
{[%clk 0:27:08]} Bf5 {[%clk 0:11:28]} 44. Kf2 {[%clk 0:18:00]} Kd7
{[%clk 0:08:42]} 45. Ke3 {[%clk 0:16:46]} Ke6 {[%clk 0:08:31]} 46. Kd4
{[%clk 0:16:40]} b5 {[%clk 0:05:16]} 47. Bf3 {[%clk 0:15:59]} Be4
{[%clk 0:03:18]} 48. Bg4+ {[%clk 0:16:19]} Kf7 {[%clk 0:02:21]} 49. Bh5+
{[%clk 0:14:24]} Ke6 {[%clk 0:02:23]} 50. Bg4+ {[%clk 0:09:20]} Kf7
{[%clk 0:01:09]} 51. e6+ {[%clk 0:09:44]} Kg6 {[%clk 0:01:17]} 52. d7
{[%clk 0:08:57]} Nf6 {[%clk 0:00:40]} 53. d8=Q {[%clk 0:05:47]} Rxd8
{[%clk 0:01:02]} 54. Bxd8 {[%clk 0:06:15]} Ng8 {[%clk 0:01:11]} 55. e7
{[%clk 0:06:30]} Nxe7 {[%clk 0:00:32]} 56. Bxe7 {[%clk 0:06:54]} Kh7
{[%clk 0:00:55]} 57. Be6 {[%clk 0:07:16]} 1-0

[Event "MP do lat 18 - dziewczeta"]
[Site "Sypniewo"]
[Date "2022.03.26"]
[Round "8.6"]
[White "Hertlein, Irena"]
[Black "Matusik, Zuzanna"]
[Result "1-0"]
[BlackElo "1286"]
[WhiteElo "1925"]
[LiveChessVersion "1.4.8"]

1. e4 {[%clk 1:30:57]} e5 {[%clk 1:30:55]} 2. Nf3 {[%clk 1:31:21]} Nc6
{[%clk 1:31:19]} 3. Bb5 {[%clk 1:31:45]} Bc5 {[%clk 1:31:18]} 4. c3
{[%clk 1:32:04]} Nge7 {[%clk 1:28:32]} 5. d4 {[%clk 1:32:11]} exd4
{[%clk 1:28:52]} 6. cxd4 {[%clk 1:32:36]} Bb4+ {[%clk 1:29:13]} 7. Bd2
{[%clk 1:32:52]} Bxd2+ {[%clk 1:29:02]} 8. Nbxd2 {[%clk 1:33:09]} d5
{[%clk 1:29:24]} 9. e5 {[%clk 1:33:24]} O-O {[%clk 1:27:50]} 10. O-O
{[%clk 1:33:30]} Bg4 {[%clk 1:23:38]} 11. h3 {[%clk 1:32:44]} Nxd4
{[%clk 1:22:07]} 12. hxg4 {[%clk 1:32:52]} Nxb5 {[%clk 1:22:24]} 13. a4
{[%clk 1:33:08]} Qd7 {[%clk 1:21:00]} 14. axb5 {[%clk 1:28:13]} Qxg4
{[%clk 1:20:22]} 15. Qa4 {[%clk 1:26:25]} Qf5 {[%clk 1:20:15]} 16. Rfe1
{[%clk 1:20:07]} Ng6 {[%clk 1:20:20]} 17. Nh4 {[%clk 1:19:34]} Nxh4
{[%clk 1:18:44]} 18. Qxh4 {[%clk 1:19:41]} Qd3 {[%clk 1:19:02]} 19. Qb4
{[%clk 1:18:26]} Rfe8 {[%clk 1:17:47]} 20. Ra3 {[%clk 1:13:44]} Qf5
{[%clk 1:13:40]} 21. Rf3 {[%clk 1:11:41]} Qh5 22. Qf4 {[%clk 1:00:31]} Re6
{[%clk 1:00:42]} 23. Nb3 {[%clk 0:55:16]} Rae8 {[%clk 0:49:43]} 24. Rh3
{[%clk 0:51:30]} Qg6 {[%clk 0:48:47]} 25. Nd4 {[%clk 0:47:21]} Rb6
{[%clk 0:43:02]} 26. Rg3 {[%clk 0:40:49]} Qh5 {[%clk 0:41:01]} 27. Rg5
{[%clk 0:40:17]} Qh6 {[%clk 0:32:34]} 28. Nf5 {[%clk 0:38:36]} 1-0

[Event "MP do lat 18 - dziewczeta"]
[Site "Sypniewo"]
[Date "2022.03.26"]
[Round "8.7"]
[White "Pisarek, Elzbieta"]
[Black "Mirowska, Oliwia"]
[Result "1-0"]
[BlackElo "1738"]
[WhiteElo "1704"]
[LiveChessVersion "1.4.8"]

1. e4 {[%clk 1:30:58]} d6 {[%clk 1:30:41]} 2. d4 {[%clk 1:30:49]} Nf6
{[%clk 1:30:36]} 3. Nc3 {[%clk 1:31:06]} e5 {[%clk 1:30:46]} 4. dxe5
{[%clk 1:30:49]} dxe5 {[%clk 1:31:09]} 5. Qxd8+ {[%clk 1:31:03]} Kxd8
{[%clk 1:31:34]} 6. f4 {[%clk 1:30:33]} Bb4 {[%clk 1:30:44]} 7. Bd3
{[%clk 1:27:43]} exf4 {[%clk 1:25:13]} 8. Bxf4 {[%clk 1:27:54]} c6
{[%clk 1:25:15]} 9. Nge2 {[%clk 1:25:58]} Ke7 {[%clk 1:21:43]} 10. O-O-O
{[%clk 1:24:10]} Bg4 {[%clk 1:17:54]} 11. h3 {[%clk 1:19:05]} Be6
{[%clk 1:16:44]} 12. Nd4 {[%clk 1:08:27]} Nbd7 {[%clk 1:04:02]} 13. Nf5+
{[%clk 0:54:42]} Bxf5 {[%clk 0:57:49]} 14. exf5 {[%clk 0:55:06]} Rhe8
{[%clk 0:56:57]} 15. g4 {[%clk 0:27:16]} Nb6 {[%clk 0:37:00]} 16. g5
{[%clk 0:23:13]} Nfd5 {[%clk 0:34:02]} 17. Nxd5+ {[%clk 0:14:53]} Nxd5
{[%clk 0:34:22]} 18. Bd2 {[%clk 0:10:30]} Bxd2+ {[%clk 0:31:52]} 19. Kxd2
{[%clk 0:10:41]} Kf8 {[%clk 0:25:18]} 20. Rde1 {[%clk 0:10:14]} Nf4
{[%clk 0:25:02]} 21. h4 {[%clk 0:08:27]} Rad8 {[%clk 0:19:38]} 22. Rxe8+
{[%clk 0:07:53]} Rxe8 {[%clk 0:18:57]} 23. Rf1 {[%clk 0:06:18]} Nd5
{[%clk 0:08:27]} 24. Rf3 {[%clk 0:04:25]} Re5 {[%clk 0:07:50]} 25. Bc4
{[%clk 0:03:03]} Nb6 {[%clk 0:05:32]} 26. Bd3 {[%clk 0:02:47]} Nd5
{[%clk 0:04:17]} 27. b3 {[%clk 0:02:28]} Nb4 {[%clk 0:02:38]} 28. a4
{[%clk 0:02:43]} Nxd3 {[%clk 0:02:16]} 29. Kxd3 {[%clk 0:03:03]} Ke7
{[%clk 0:02:13]} 30. f6+ {[%clk 0:02:34]} gxf6 {[%clk 0:01:55]} 31. Rxf6
{[%clk 0:02:36]} Re6 {[%clk 0:01:21]} 32. Rxe6+ {[%clk 0:01:45]} Kxe6
{[%clk 0:01:32]} 33. Ke4 {[%clk 0:01:57]} f6 {[%clk 0:01:18]} 34. Kf4
{[%clk 0:01:39]} Kf7 {[%clk 0:00:41]} 35. Kf5 {[%clk 0:01:20]} fxg5
{[%clk 0:01:03]} 36. Kxg5 {[%clk 0:01:37]} Kg7 {[%clk 0:01:24]} 37. h5
{[%clk 0:01:20]} h6+ {[%clk 0:01:49]} 38. Kf5 {[%clk 0:01:42]} Kf7
{[%clk 0:02:16]} 39. b4 {[%clk 0:00:56]} b6 {[%clk 0:02:21]} 40. a5
{[%clk 0:30:57]} bxa5 {[%clk 0:30:48]} 41. bxa5 {[%clk 0:31:02]} a6
{[%clk 0:31:05]} 42. c3 {[%clk 0:31:11]} Ke7 {[%clk 0:30:58]} 43. Kg6
{[%clk 0:31:09]} c5 {[%clk 0:28:41]} 44. Kxh6 {[%clk 0:30:38]} Kf6
{[%clk 0:28:47]} 45. c4 {[%clk 0:30:35]} Ke5 {[%clk 0:29:01]} 46. Kg7
{[%clk 0:30:55]} Kd4 {[%clk 0:29:25]} 47. h6 {[%clk 0:31:14]} Kxc4
{[%clk 0:29:50]} 48. h7 {[%clk 0:31:40]} Kb4 {[%clk 0:29:40]} 49. h8=Q
{[%clk 0:32:04]} Kxa5 {[%clk 0:30:07]} 50. Qb8 {[%clk 0:32:12]} Ka4
{[%clk 0:30:06]} 51. Qb6 {[%clk 0:31:57]} c4 {[%clk 0:30:24]} 52. Qxa6+
{[%clk 0:32:17]} Kb3 {[%clk 0:30:48]} 53. Qb5+ {[%clk 0:32:36]} Kc3
{[%clk 0:31:13]} 54. Qb1 {[%clk 0:32:46]} Kd2 {[%clk 0:31:11]} 55. Qb2+
{[%clk 0:33:07]} Kd3 {[%clk 0:31:32]} 56. Qc1 {[%clk 0:32:33]} c3
{[%clk 0:31:56]} 57. Kf6 {[%clk 0:32:56]} c2 {[%clk 0:32:05]} 58. Ke5
{[%clk 0:33:18]} Kc3 {[%clk 0:32:19]} 59. Ke4 {[%clk 0:33:36]} 1-0

[Event "MP do lat 18 - dziewczeta"]
[Site "Sypniewo"]
[Date "2022.03.26"]
[Round "8.8"]
[White "Kulpa, Karolina"]
[Black "Lochina, Justyna"]
[Result "1/2-1/2"]
[BlackElo "1646"]
[WhiteElo "1406"]
[LiveChessVersion "1.4.8"]

1. e4 {[%clk 1:30:58]} c5 {[%clk 1:30:40]} 2. Nf3 {[%clk 1:31:17]} e6
{[%clk 1:30:03]} 3. d4 {[%clk 1:31:27]} cxd4 {[%clk 1:30:17]} 4. Nxd4
{[%clk 1:31:49]} Nf6 {[%clk 1:29:56]} 5. Nc3 {[%clk 1:32:00]} d6 {[%clk 1:29:39]}
6. g4 {[%clk 1:32:15]} h6 {[%clk 1:25:29]} 7. h4 {[%clk 1:31:13]} Nc6
{[%clk 1:22:39]} 8. Rg1 {[%clk 1:30:07]} d5 {[%clk 1:18:20]} 9. Bb5
{[%clk 1:18:55]} Bd7 {[%clk 1:05:29]} 10. exd5 {[%clk 1:02:55]} Nxd4
{[%clk 0:51:18]} 11. Bxd7+ {[%clk 1:02:20]} Qxd7 {[%clk 0:50:46]} 12. Qxd4
{[%clk 1:02:39]} Rd8 {[%clk 0:19:30]} 13. Be3 {[%clk 0:58:47]} Nxd5
{[%clk 0:12:35]} 14. Nxd5 {[%clk 0:57:34]} Qxd5 {[%clk 0:11:43]} 15. O-O-O
{[%clk 0:57:17]} Qxd4 {[%clk 0:10:58]} 16. Bxd4 {[%clk 0:52:19]} Be7
{[%clk 0:06:29]} 17. Bxg7 {[%clk 0:44:33]} Rh7 {[%clk 0:00:44]} 18. Rxd8+
{[%clk 0:44:32]} Kxd8 {[%clk 0:00:36]} 19. Bd4 {[%clk 0:41:05]} Bxh4
{[%clk 0:00:46]} 20. Bxa7 {[%clk 0:40:46]} Kc7 {[%clk 0:00:33]} 21. Be3
{[%clk 0:40:25]} Bg5 {[%clk 0:00:34]} 22. f4 {[%clk 0:31:52]} Be7
{[%clk 0:00:45]} 23. Rh1 {[%clk 0:29:43]} Kc6 {[%clk 0:00:35]} 24. Rh5
{[%clk 0:28:29]} f6 {[%clk 0:00:32]} 25. g5 {[%clk 0:27:40]} fxg5
{[%clk 0:00:36]} 26. fxg5 {[%clk 0:28:01]} Bf8 {[%clk 0:00:34]} 27. gxh6
{[%clk 0:25:58]} b6 {[%clk 0:00:35]} 28. Re5 {[%clk 0:23:06]} Kd6
{[%clk 0:00:38]} 29. Rb5 {[%clk 0:21:51]} Bxh6 {[%clk 0:00:49]} 30. Bxh6
{[%clk 0:22:14]} Rxh6 {[%clk 0:01:14]} 31. Rxb6+ {[%clk 0:22:36]} Kc5
{[%clk 0:00:35]} 32. Rb8 {[%clk 0:21:59]} Kd4 {[%clk 0:00:35]} 33. c3+
{[%clk 0:21:26]} Ke3 {[%clk 0:00:32]} 34. Re8 {[%clk 0:17:42]} Kd3
{[%clk 0:00:42]} 35. Rd8+ {[%clk 0:17:53]} Ke3 {[%clk 0:00:37]} 36. Rd1
{[%clk 0:16:29]} e5 {[%clk 0:00:37]} 37. Re1+ {[%clk 0:16:10]} Kd3
{[%clk 0:00:47]} 38. Rd1+ {[%clk 0:15:03]} Ke3 {[%clk 0:00:42]} 39. Re1+
{[%clk 0:07:00]} 1/2-1/2